| 000 | 00442nam a2200169Ia 4500 | ||
|---|---|---|---|
| 999 |
_c1387 _d1387 |
||
| 020 | _a1 870889 07 x | ||
| 082 | _aRR 004.56503 CDR; | ||
| 245 | 0 | _aCD-ROM directory 1988: the international directory | |
| 250 | _a2nd | ||
| 260 |
_aLondon _bTFPL Publications _c1987 |
||
| 300 | _axiv, 498p. | ||
| 504 | _aRef. book | ||
| 650 | _aInternational directory | ||
| 650 | _aCD-ROMs - Directories - 1988 | ||
| 700 | _aChurchill, Kate | ||
| 942 | _cBK | ||